| 000 | 00598nam a22001937a 4500 | ||
|---|---|---|---|
| 005 | 20140611113934.0 | ||
| 010 | _aENG-110088 | ||
| 020 |
_a9788120349643 _c295.00 |
||
| 035 | _aEN-93621 | ||
| 037 | _bDBAD/PUB | ||
| 082 | _a537 | ||
| 100 | _aChatterjee, Sanat Kumar | ||
| 245 |
_aFundamentals of electricity and magnetism / _c by Sanat Kumar Chatterjee |
||
| 260 |
_aDelhi _bPHI Learning _c2014 |
||
| 270 |
_aRimjhim House, 111,Patparganj Industrial Estate _bDelhi _e110092 |
||
| 300 |
_axv,259p. : _c24cm(pbk) _bill |
||
| 500 | _aIncludes index | ||
| 942 |
_2ddc _cEN _mCHA _h537 |
||
| 999 |
_c84710 _d84710 |
||